[Event "11. Longericher Sommer-Open A"]
[Site "?"]
[Date "2014.08.03"]
[Round "4.14"]
[White "Arold, Gerhard"]
[Black "Milde, Mathias"]
[Result "1-0"]
[WhiteElo "2026"]
[BlackElo "1848"]
[PlyCount "47"]
[EventDate "2015.??.??"]
[WhiteTeam "Elberfelder SG"]
[BlackTeam "SV Wiehl 1923 e.V."]

1. e4 c5 2. Nf3 d6 3. d4 cxd4 4. Nxd4 Nf6 5. Nc3 g6 6. Be3 Bg7 7. f3 Nc6 8. Qd2
O-O 9. Bc4 Na5 10. Bd3 Bd7 11. Bh6 Rc8 12. Nde2 Nc4 13. Bxc4 Rxc4 14. h4 Qb6
15. O-O-O d5 16. Bxg7 Kxg7 17. e5 Ng8 18. Nxd5 Qa6 19. Nb4 Rxb4 20. Qxb4 Be6
21. Nc3 Rc8 22. Qb5 Qxb5 23. Nxb5 Bxa2 24. Rd7 1-0

[Event "11. Longericher Sommer-Open A"]
[Site "?"]
[Date "2014.08.03"]
[Round "4.15"]
[White "Turco, Alfonso"]
[Black "Rummelshaus, Heinz"]
[Result "0-1"]
[WhiteElo "2006"]
[BlackElo "1845"]
[PlyCount "68"]
[EventDate "2015.??.??"]
[WhiteTeam "Satranç Club 2000 e.V."]
[BlackTeam "Düsseldorfer SV 1854"]

1. b3 b5 2. Bb2 Bb7 3. e3 Nf6 4. Nf3 a6 5. c4 bxc4 6. Bxc4 e6 7. O-O Be7 8. Nc3
c5 9. Be2 Nc6 10. Rc1 O-O 11. Na4 d6 12. Qc2 Nb4 13. Qb1 Be4 14. d3 Bc6 15. Nc3
Qd7 16. e4 a5 17. d4 Qb7 18. e5 Ne4 19. dxc5 dxe5 20. Nxe5 Nd2 21. Qa1 Bxg2 22.
c6 Nxc6 23. Nxc6 Bxc6 24. Nd1 Bf3 25. Re1 Qe4 26. Be5 Bf6 27. Nc3 Qxe5 28. h4
Rac8 29. Bc4 Qf4 30. Ne2 Qg4+ 31. Ng3 Rxc4 32. Kh2 Qxh4+ 33. Kg1 Rg4 34. Rc3
Qh1# 0-1

[Event "11. Longericher Sommer-Open A"]
[Site "?"]
[Date "2014.08.03"]
[Round "4.16"]
[White "Gramb, Marius"]
[Black "Kemper, Michael"]
[Result "1-0"]
[WhiteElo "1990"]
[BlackElo "1839"]
[PlyCount "63"]
[EventDate "2015.??.??"]
[WhiteTeam "Brühler SK 1920 e.V."]
[BlackTeam "SV Bayer Dormagen 47"]

1. d4 Nf6 2. c4 e5 3. dxe5 Ng4 4. Bf4 Bb4+ 5. Nd2 Nc6 6. Ngf3 Qe7 7. a3 Bc5 8.
e3 a5 9. Nb3 Ba7 10. Qd5 f6 11. exf6 Nxf6 12. Qd3 d6 13. Be2 O-O 14. O-O Ne4
15. Nbd4 Nc5 16. Qd1 Ne5 17. Nb5 Bb8 18. Bxe5 dxe5 19. b4 axb4 20. axb4 Rxa1
21. Qxa1 Na6 22. c5 Nxb4 23. Qxe5 Qxe5 24. Nxe5 Re8 25. Bc4+ Kf8 26. f4 Na6 27.
c6 bxc6 28. Nd4 Nb4 29. Rb1 c5 30. Ndc6 Bf5 31. Rb2 h5 32. e4 1-0

[Event "11. Longericher Sommer-Open A"]
[Site "?"]
[Date "2014.08.03"]
[Round "4.17"]
[White "Berkle, Pascal"]
[Black "Statz, Samuel"]
[Result "1/2-1/2"]
[WhiteElo "1797"]
[BlackElo "1982"]
[PlyCount "60"]
[EventDate "2015.??.??"]
[WhiteTeam "SV Erftstadt e.V."]
[BlackTeam "SV Erftstadt e.V."]

1. d4 Nf6 2. c4 c5 3. d5 b5 4. Qc2 bxc4 5. e4 d6 6. Bxc4 g6 7. Nc3 Bg7 8. Bb5+
Bd7 9. Bxd7+ Nbxd7 10. f4 O-O 11. Nf3 c4 12. Be3 Ng4 13. Bd4 Bxd4 14. Nxd4 Nc5
15. O-O Ne3 16. Qe2 Nxf1 17. Rxf1 Rb8 18. Nc6 Qb6 19. Nxb8 Rxb8 20. Nd1 Na4+
21. Rf2 Qd4 22. Qc2 Nb6 23. Nc3 Nd7 24. Qd2 Qxd2 25. Rxd2 Nc5 26. Rc2 a5 27.
Nd1 Nd3 28. Rxc4 Nxb2 29. Nxb2 Rxb2 30. Ra4 Rb5 1/2-1/2

[Event "11. Longericher Sommer-Open A"]
[Site "?"]
[Date "2014.08.03"]
[Round "4.18"]
[White "Wolff, Michael"]
[Black "Martens, Alexander"]
[Result "1-0"]
[WhiteElo "1955"]
[BlackElo "1687"]
[PlyCount "117"]
[EventDate "2015.??.??"]
[WhiteTeam "Ford SF Köln e.V."]
[BlackTeam "SG Porz e.V."]

1. e4 c5 2. c3 d5 3. exd5 Qxd5 4. d4 Nc6 5. Nf3 Bg4 6. dxc5 Qxc5 7. Be3 Qa5 8.
Qb3 Bxf3 9. gxf3 Qc7 10. Na3 a6 11. O-O-O e6 12. Kb1 Bxa3 13. Qxa3 Nge7 14. h4
Nd5 15. Bc4 Nxe3 16. fxe3 Qe7 17. Qxe7+ Kxe7 18. Be2 h5 19. f4 g6 20. Bf3 Rhd8
21. Kc2 Rxd1 22. Rxd1 Rd8 23. Rxd8 Nxd8 24. Kd3 Kd6 25. Kd4 Nc6+ 26. Bxc6 bxc6
27. b4 f6 28. e4 e5+ 29. fxe5+ fxe5+ 30. Ke3 c5 31. a3 c4 32. a4 Kc6 33. Kf3
Kb6 34. Kg3 Kc6 35. Kh3 Kb6 36. Kg2 Kc6 37. Kf1 Kb6 38. Ke1 Kc6 39. Kf1 Kb6 40.
Ke2 Kc6 41. Kd2 Kb6 42. Kc2 Kc6 43. Kb2 Kb6 44. a5+ Kc6 45. Ka2 Kd6 46. Ka3 g5
47. hxg5 h4 48. g6 Ke6 49. b5 h3 50. bxa6 h2 51. a7 h1=Q 52. a8=Q Qc1+ 53. Kb4
Qb2+ 54. Kc5 Qa3+ 55. Kb6 Qb3+ 56. Kc7 Qxc3 57. Qc6+ Ke7 58. Qd6+ Ke8 59. Qe6+
1-0

[Event "11. Longericher Sommer-Open A"]
[Site "?"]
[Date "2014.08.03"]
[Round "4.19"]
[White "Maczkowiak, Thomas"]
[Black "Zilberman, Rodion"]
[Result "0-1"]
[WhiteElo "1948"]
[BlackElo "1776"]
[PlyCount "74"]
[EventDate "2015.??.??"]
[WhiteTeam "Märkischer Springer Halver-Schal"]
[BlackTeam "SF Köln-Longerich 195"]

1. Nf3 Nf6 2. g3 d5 3. Bg2 c6 4. O-O Bf5 5. c4 e6 6. b3 Bd6 7. Bb2 Nbd7 8. d3
Qc7 9. Nbd2 O-O 10. Qc2 Rac8 11. Rac1 Bg6 12. a3 c5 13. Nh4 d4 14. Nxg6 hxg6
15. b4 b6 16. b5 Ng4 17. Ne4 Be7 18. h3 Nh6 19. Ra1 f5 20. Nd2 g5 21. Nb3 g4
22. Bc1 Nf6 23. a4 gxh3 24. Bxh3 Nhg4 25. a5 Nxf2 26. Kxf2 Nh5 27. Bf4 Nxf4 28.
gxf4 Qxf4+ 29. Kg2 Qg5+ 30. Kh1 Qh4 31. Kg2 Bd6 32. Rh1 Rf6 33. Kf1 Qf4+ 34.
Ke1 Rh6 35. Bg2 Rxh1+ 36. Bxh1 Qh4+ 37. Kd2 Bf4+ 0-1

[Event "11. Longericher Sommer-Open A"]
[Site "?"]
[Date "2014.08.03"]
[Round "4.20"]
[White "Schilling, Florian"]
[Black "Yon, Gregory"]
[Result "1-0"]
[WhiteElo "1936"]
[BlackElo "1658"]
[PlyCount "31"]
[EventDate "2015.??.??"]
[WhiteTeam "Vereinslos"]
[BlackTeam "Turnerschaft Bergisch Gladbach 1"]

1. f4 d6 2. Nf3 Nc6 3. Nc3 e5 4. d3 Bg4 5. g3 Bxf3 6. exf3 Nf6 7. Bg2 Nd4 8.
O-O c6 9. Re1 Qc7 10. fxe5 dxe5 11. f4 Bd6 12. fxe5 Bxe5 13. Bf4 Nd7 14. Qh5
Nxc2 15. Bxe5 Qb6+ 16. Bd4+ 1-0

[Event "11. Longericher Sommer-Open A"]
[Site "?"]
[Date "2014.08.03"]
[Round "4.21"]
[White "Gnass, Arno"]
[Black "Mandt, Joachim"]
[Result "1-0"]
[WhiteElo "1761"]
[BlackElo "1798"]
[PlyCount "63"]
[EventDate "2015.??.??"]
[WhiteTeam "Turnerschaft Bergisch Gladbach 1"]
[BlackTeam "Vereinigung der Schachsportfreun"]

1. d4 e6 2. Nf3 Nf6 3. c4 d5 4. Nc3 Bb4 5. a3 Bxc3+ 6. bxc3 O-O 7. e3 b6 8. Qb3
Nbd7 9. Bd3 dxc4 10. Bxc4 h6 11. O-O Bb7 12. Be2 Re8 13. c4 e5 14. dxe5 Nxe5
15. Nxe5 Rxe5 16. f3 Qe8 17. e4 Qc6 18. Bb2 Qc5+ 19. Kh1 Re6 20. Rad1 Rae8 21.
Rd2 Nh5 22. Rfd1 Nf4 23. Bf1 Bc8 24. Qc3 Rg6 25. Rd8 Qe7 26. Rxe8+ Qxe8 27. Qe5
Ne6 28. f4 f6 29. Qd5 Kf8 30. a4 Qe7 31. f5 Qb4 32. fxe6 1-0

[Event "11. Longericher Sommer-Open A"]
[Site "?"]
[Date "2014.08.03"]
[Round "4.22"]
[White "Ringeltaube, Denny"]
[Black "Lambertz, Michael"]
[Result "0-1"]
[WhiteElo "1754"]
[BlackElo "1995"]
[PlyCount "80"]
[EventDate "2015.??.??"]
[WhiteTeam "Klub Kölner SF e.V. 1"]
[BlackTeam "SF Esch e.V."]

1. d4 Nf6 2. Nf3 d5 3. Bg5 Ne4 4. Bf4 e6 5. Nbd2 g5 6. Be3 Be7 7. Nxe4 dxe4 8.
Ne5 f6 9. Nc4 b5 10. Nd2 f5 11. Nb3 Nd7 12. Bc1 Bb7 13. e3 a6 14. Qh5+ Kf8 15.
Qh6+ Kf7 16. Qh5+ Kg7 17. Bd2 h6 18. O-O-O Bd5 19. Nc5 Nxc5 20. dxc5 Bf6 21.
Kb1 Qe7 22. Be2 Bc6 23. g4 Be8 24. Qh3 Bg6 25. Qg2 Qxc5 26. h4 b4 27. Bc1 Qe7
28. hxg5 hxg5 29. Rxh8 Kxh8 30. gxf5 exf5 31. Rh1+ Kg8 32. Qh3 Qg7 33. Bc4+ Kf8
34. Be6 g4 35. Qf1 Qe7 36. Bc4 a5 37. Qe2 a4 38. Rd1 Rd8 39. Rh1 a3 40. Qe1 c5
0-1

[Event "11. Longericher Sommer-Open A"]
[Site "?"]
[Date "2014.08.03"]
[Round "4.23"]
[White "Levink, Clemens"]
[Black "Karwatzki, Hans-Jürgen"]
[Result "1-0"]
[WhiteElo "1806"]
[BlackElo "1702"]
[PlyCount "59"]
[EventDate "2015.??.??"]
[WhiteTeam "SV Het Casteel (NL)"]
[BlackTeam "Vereinigung der Schachsportfreun"]

1. e4 e5 2. Nf3 Nc6 3. Bb5 Nf6 4. d3 Bc5 5. c3 O-O 6. O-O d6 7. Re1 Ne7 8. Nbd2
Bg4 9. Nf1 Ng6 10. h3 Be6 11. Ng3 c6 12. Ba4 Qd7 13. Ng5 Nf4 14. Nxe6 Qxe6 15.
Bxf4 exf4 16. Ne2 f3 17. Nf4 Qd7 18. Qxf3 h6 19. Bb3 Kh7 20. d4 Bb6 21. Bc2 Kh8
22. e5 Nh7 23. Re2 g5 24. Nh5 f5 25. Rae1 g4 26. Qf4 Rae8 27. exd6 Rxe2 28.
Rxe2 Qf7 29. Qe5+ Kg8 30. Bb3 1-0

[Event "11. Longericher Sommer-Open A"]
[Site "?"]
[Date "2014.08.03"]
[Round "4.24"]
[White "Wärtsch, Michael"]
[Black "Alexopoulos, Spiros Orestis"]
[Result "1-0"]
[WhiteElo "1743"]
[BlackElo "1761"]
[PlyCount "101"]
[EventDate "2015.??.??"]
[WhiteTeam "SG Lüdenscheid e"]
[BlackTeam "Aachener SV 1856 e.V."]

1. Nf3 Nf6 2. c4 g6 3. Nc3 d5 4. cxd5 Nxd5 5. g3 Bg7 6. Bg2 Nxc3 7. bxc3 O-O 8.
O-O c5 9. d4 Nc6 10. e3 Qa5 11. Qb3 Rb8 12. Ba3 Be6 13. Qb2 cxd4 14. cxd4 b5
15. Ng5 b4 16. Nxe6 bxa3 17. Qe2 Rfc8 18. Nxg7 Kxg7 19. Rfc1 Nb4 20. Rxc8 Rxc8
21. Be4 f5 22. Bd3 Nxd3 23. Qxd3 Qc3 24. Rd1 Qb2 25. Rd2 Qb4 26. Kg2 Rc1 27. d5
Rb1 28. Rc2 Rb2 29. f3 Rxc2+ 30. Qxc2 Qb2 31. Qf2 Kf6 32. f4 Kf7 33. Kf3 Ke8
34. Qe2 Kd7 35. Qc4 Qxh2 36. Qc6+ Kd8 37. Qa8+ Kd7 38. Qxa7+ Ke8 39. Qxa3 Qh1+
40. Kf2 Qh2+ 41. Kf3 Qh1+ 42. Kf2 Qxd5 43. Qb3 Qxb3 44. axb3 Kd7 45. Kf3 h5 46.
e4 Kc6 47. exf5 gxf5 48. Ke3 Kc5 49. b4+ Kd5 50. b5 e5 51. b6 1-0

[Event "11. Longericher Sommer-Open A"]
[Site "?"]
[Date "2014.08.03"]
[Round "4.25"]
[White "Schumacher, Markus"]
[Black "Roefe, Detlef"]
[Result "0-1"]
[WhiteElo "1721"]
[BlackElo "1937"]
[PlyCount "118"]
[EventDate "2015.??.??"]
[WhiteTeam "Godesberger SK 1929 e.V."]
[BlackTeam "SVigung 1928 Alsdorf e"]

1. e4 c5 2. Nc3 e6 3. g3 d6 4. Bg2 Nf6 5. d3 a6 6. f4 Be7 7. Nf3 O-O 8. O-O Qc7
9. Be3 Nbd7 10. Rb1 Rb8 11. Ne2 b5 12. h3 Bb7 13. Nh4 d5 14. e5 Ne8 15. Nf3 d4
16. Bd2 f6 17. exf6 Bxf6 18. Ng5 Bxg5 19. fxg5 Bxg2 20. Rxf8+ Nxf8 21. Kxg2 e5
22. Ng1 Nd6 23. Qf3 Qb7 24. Re1 Ng6 25. h4 Re8 26. Qxb7 Nxb7 27. Nf3 Nd6 28. h5
e4 29. dxe4 Nf8 30. e5 Nc4 31. Bc1 Ne6 32. b3 Nb6 33. g6 hxg6 34. hxg6 Nd5 35.
Kh3 Nb4 36. a3 Nxc2 37. Re2 d3 38. Rd2 c4 39. Rd1 Nc5 40. bxc4 bxc4 41. Ne1
Nxe1 42. Rxe1 c3 43. Rd1 Rxe5 44. Kg4 Rd5 45. Re1 Kf8 46. Rf1+ Ke8 47. Bh6 Ne6
48. Bd2 cxd2 49. Rd1 Nd4 50. Rxd2 Nb3 51. Rd1 d2 52. Kf4 Rc5 53. Rb1 Nc1 54.
Rb8+ Kd7 55. Rg8 d1=Q 56. Rxg7+ Ke6 57. Rf7 Qd4+ 58. Kf3 Rc3+ 59. Kg2 Qe4+ 0-1

[Event "11. Longericher Sommer-Open A"]
[Site "?"]
[Date "2014.08.03"]
[Round "4.26"]
[White "Suvorov, Luca"]
[Black "Hoffmann, Philipp"]
[Result "1-0"]
[WhiteElo "1644"]
[BlackElo "1907"]
[PlyCount "161"]
[EventDate "2015.??.??"]
[WhiteTeam "SG Porz e.V."]
[BlackTeam "Oberbilker SV 1960"]

1. d4 Nf6 2. Nf3 c5 3. d5 b5 4. c4 d6 5. cxb5 a6 6. Nc3 g6 7. e4 Bg7 8. Bd3 O-O
9. h3 Nbd7 10. O-O Nb6 11. a4 c4 12. Bc2 axb5 13. Nxb5 Ba6 14. Nfd4 Re8 15. Nc6
Qc8 16. Be3 Bxb5 17. axb5 Nfd7 18. Rxa8 Qxa8 19. b3 cxb3 20. Bxb3 Qa3 21. Bxb6
Nxb6 22. Qd3 Na4 23. Bc2 Qxd3 24. Bxd3 Nb6 25. Rc1 Kf8 26. Nb4 Bd4 27. Nc2 Rc8
28. Rb1 Bc5 29. Kf1 Ra8 30. Nb4 Ra3 31. Bc2 Nc4 32. Ke2 Nb6 33. Nd3 Bd4 34. Rb4
Bc3 35. Rb3 Rxb3 36. Bxb3 Ke8 37. f3 Kd7 38. Nf4 Bd4 39. Kd3 Bc5 40. Ne2 Nc8
41. f4 Na7 42. Ba4 Kc7 43. Nd4 Kb6 44. Nc6 Nxb5 45. Bxb5 Kxb5 46. Nxe7 Kb6 47.
Ng8 Kc7 48. Nh6 f6 49. Ng4 f5 50. exf5 gxf5 51. Nh6 Kd7 52. Nxf5 Ke8 53. Kc4
Kd7 54. Ng7 Ke7 55. g4 Kf6 56. Nf5 Ba3 57. Kd4 Bb2+ 58. Ke4 Ba3 59. h4 Bb4 60.
g5+ Kg6 61. Ng3 Be1 62. h5+ Kf7 63. Nf5 Bb4 64. Nd4 Bc3 65. Nb5 Bb4 66. Kf5 Bc5
67. Nc7 Bd4 68. g6+ hxg6+ 69. hxg6+ Ke7 70. Kg5 Bg7 71. Ne6 Bf6+ 72. Kh6 Bb2
73. g7 Kf7 74. Kh7 Bxg7 75. Nxg7 Kf6 76. Kh6 Kf7 77. Nh5 Ke7 78. Kg7 Ke8 79. f5
Ke7 80. f6+ Ke8 81. f7+ 1-0

[Event "11. Longericher Sommer-Open A"]
[Site "?"]
[Date "2014.08.03"]
[Round "4.27"]
[White "Küpper, Martin"]
[Black "Gelsok, Philipp"]
[Result "1/2-1/2"]
[WhiteElo "1904"]
[BlackElo "1877"]
[PlyCount "92"]
[EventDate "2015.??.??"]
[WhiteTeam "SC Fulda"]
[BlackTeam "Bergische SF 1923 Ber"]

1. e4 Nf6 2. e5 Nd5 3. d4 d6 4. c4 Nb6 5. Nf3 Bg4 6. exd6 exd6 7. Be3 Nc6 8.
Be2 Be7 9. Nbd2 d5 10. c5 Nc8 11. O-O O-O 12. h3 Bxf3 13. Nxf3 Bf6 14. Rc1 N8e7
15. Bd3 Qd7 16. Qd2 g6 17. Rfe1 Nf5 18. Bxf5 Qxf5 19. Bf4 Qd7 20. Re2 Rfe8 21.
Rce1 Rxe2 22. Rxe2 Bg7 23. Qe3 b6 24. cxb6 cxb6 25. Ne5 Nxe5 26. Bxe5 Re8 27.
Qd3 Bxe5 28. dxe5 f6 29. exf6 Rxe2 30. Qxe2 Kf7 31. Qe7+ Qxe7 32. fxe7 Kxe7 33.
Kf1 Kd6 34. Ke2 Ke5 35. Kd3 g5 36. g3 h5 37. Ke3 h4 38. gxh4 gxh4 39. f4+ Kf5
40. Kd4 Kxf4 41. Kxd5 Kg3 42. Ke4 Kxh3 43. Kf3 Kh2 44. Kf2 Kh3 45. Kf3 Kh2 46.
Kf2 h3 1/2-1/2

[Event "11. Longericher Sommer-Open A"]
[Site "?"]
[Date "2014.08.03"]
[Round "4.28"]
[White "Runte, Dirk"]
[Black "Meyer, Stefan"]
[Result "0-1"]
[WhiteElo "1758"]
[BlackElo "1740"]
[PlyCount "110"]
[EventDate "2015.??.??"]
[WhiteTeam "SV Fideler Bauer Lever"]
[BlackTeam "SV Grevenbroich 1953"]

1. d4 Nf6 2. c4 Nc6 3. Nf3 e6 4. g3 d5 5. Bg2 dxc4 6. O-O Rb8 7. Nc3 b5 8. Re1
Be7 9. Nxb5 Rxb5 10. Qa4 Rb6 11. Ne5 Bd7 12. Nxc6 Nd5 13. Nxd8 Bxa4 14. Nxf7
Kxf7 15. a3 Rhb8 16. e4 Nf6 17. Bf1 Bb5 18. Bf4 R8b7 19. Rac1 h6 20. Bxc4 Bxc4
21. Rxc4 Rxb2 22. Rxc7 Rxc7 23. Bxc7 Rc2 24. Bb8 Bxa3 25. Re3 Be7 26. Bxa7 Nd7
27. Rf3+ Ke8 28. d5 exd5 29. exd5 Nf6 30. Bd4 Rd2 31. d6 Rxd4 32. dxe7 Kxe7 33.
Kg2 Ng4 34. h3 Ne5 35. Re3 Kf6 36. Re2 g5 37. Ra2 Kf5 38. Ra5 h5 39. Ra8 g4 40.
Rh8 Kg5 41. h4+ Kg6 42. Rg8+ Kf7 43. Rg5 Nf3 44. Rxh5 Rd1 45. Rf5+ Kg6 46. Rxf3
gxf3+ 47. Kxf3 Kf5 48. g4+ Ke5 49. Kg3 Rd3+ 50. f3 Ra3 51. h5 Rb3 52. h6 Kf6
53. Kh4 Rxf3 54. g5+ Kg6 55. Kg4 Ra3 0-1

[Event "11. Longericher Sommer-Open A"]
[Site "?"]
[Date "2014.08.03"]
[Round "5.2"]
[White "Walter, Andreas"]
[Black "Liparteliani, Akaki"]
[Result "1-0"]
[WhiteElo "2056"]
[BlackElo "1817"]
[PlyCount "59"]
[EventDate "2015.??.??"]
[WhiteTeam "SV Dinslaken 1923 e.V."]

1. d4 Nf6 2. c4 c5 3. d5 e5 4. Nc3 d6 5. e4 Be7 6. g3 O-O 7. Bg2 Ne8 8. Nge2 g6
9. O-O Ng7 10. Be3 Na6 11. a3 Nc7 12. b4 b6 13. f3 Nce8 14. Nc1 f5 15. Nd3 g5
16. Bf2 Nf6 17. Qd2 Qe8 18. Kh1 Qh5 19. exf5 g4 20. f4 exf4 21. Nxf4 Qxf5 22.
Rae1 Re8 23. Nb5 Qd7 24. Ne6 Ba6 25. Nbc7 Bxc4 26. Qh6 Ngh5 27. Be4 Bf8 28.
Qg5+ Bg7 29. Bf5 Bxf1 30. Rxf1 {Erste Notation ab hier unleserlich und die
andere fehlt.} 1-0

[Event "11. Longericher Sommer-Open A"]
[Site "?"]
[Date "2014.08.03"]
[Round "5.3"]
[White "Herzum, Peter"]
[Black "Khanukov, Boris"]
[Result "1/2-1/2"]
[WhiteElo "1948"]
[BlackElo "2339"]
[PlyCount "141"]
[EventDate "2015.??.??"]
[WhiteTeam "Düsseldorfer SK 14/25 e."]
[BlackTeam "Bahn-SC Wuppertal"]

1. e4 c5 2. Nf3 Nc6 3. d4 cxd4 4. Nxd4 g6 5. Nc3 Bg7 6. Be3 Nf6 7. Bc4 Qa5 8.
O-O O-O 9. Nb3 Qc7 10. Be2 d6 11. f4 a6 12. Qe1 b5 13. Bf3 Bb7 14. Qf2 b4 15.
Nd5 Nxd5 16. exd5 Nb8 17. Bb6 Qc8 18. Rae1 Re8 19. Bd4 Bxd4 20. Nxd4 Qc5 21.
Nb3 Qxf2+ 22. Rxf2 a5 23. Rfe2 Kf8 24. Nd4 Ba6 25. Re3 Ra7 26. a3 Rc7 27. Rd1
Bc4 28. axb4 axb4 29. b3 Ba6 30. Ra1 Rc5 31. Ra4 Bb7 32. Rxb4 Bxd5 33. c4 Bxf3
34. Nxf3 Rc7 35. Kf2 Ra7 36. Re2 Nd7 37. Nd4 Nc5 38. Rb6 f5 39. Ne6+ Nxe6 40.
Rxe6 Kf7 41. Re2 Rc8 42. Ke3 h6 43. Kd4 g5 44. g3 gxf4 45. gxf4 Rg8 46. Kd5 Rg4
47. Rf2 Rg1 48. b4 Rc7 49. c5 dxc5 50. bxc5 Rd1+ 51. Kc4 Rc1+ 52. Kd4 Rd7+ 53.
Ke3 Rxc5 54. Rxh6 Rc3+ 55. Ke2 Rd4 56. Rh4 Ke6 57. Rf3 Rc2+ 58. Ke3 Kd5 59. Rh8
Rc3+ 60. Kf2 Rxf3+ 61. Kxf3 Rd3+ 62. Kg2 Ke4 63. Re8 Rd7 64. Kg3 Rd3+ 65. Kg2
Kxf4 66. Rxe7 Rd2+ 67. Kg1 Kf3 68. Re1 Rg2+ 69. Kh1 f4 70. Rf1+ Rf2 71. Kg1
1/2-1/2

[Event "11. Longericher Sommer-Open A"]
[Site "?"]
[Date "2014.08.03"]
[Round "5.4"]
[White "Harff, Marcel"]
[Black "Baltic, Fatih"]
[Result "0-1"]
[WhiteElo "2325"]
[BlackElo "1795"]
[PlyCount "106"]
[EventDate "2015.??.??"]
[WhiteTeam "SG Hochneukirch"]
[BlackTeam "SG Porz e.V."]

1. c4 c5 2. Nf3 Nf6 3. e3 g6 4. Nc3 Bg7 5. a3 O-O 6. Qc2 Nc6 7. Rb1 d6 8. b4
Nd7 9. Be2 Nde5 10. Nxe5 Nxe5 11. f4 Nd7 12. O-O Nb6 13. d3 Nd7 14. Bb2 Nf6 15.
h3 cxb4 16. axb4 Qb6 17. Bc1 Qd8 18. Bf3 Rb8 19. Kh2 Be6 20. Nb5 Bd7 21. Nd4 e5
22. Ne2 Qc7 23. e4 b5 24. g4 Rfc8 25. fxe5 dxe5 26. c5 a5 27. Be3 a4 28. Nc3
Bc6 29. g5 Ne8 30. Nd5 Bxd5 31. exd5 e4+ 32. d6 Nxd6 33. Bf4 exf3 34. Qf2 Bf8
35. Qxf3 Qd7 36. Qd5 Qc6 37. Qxc6 Rxc6 38. Rbe1 Re8 39. cxd6 Rxe1 40. Rxe1 Bxd6
41. Re8+ Kg7 42. Bxd6 Rxd6 43. Re5 a3 44. Re7 Rxd3 45. Ra7 Rb3 46. Kg2 Rb2+ 47.
Kf3 a2 48. Ke3 Rxb4 49. Rxa2 Rb3+ 50. Kf4 Rxh3 51. Rb2 Rh4+ 52. Kg3 Rh5 53. Kg4
h6 0-1

[Event "11. Longericher Sommer-Open A"]
[Site "?"]
[Date "2014.08.03"]
[Round "5.5"]
[White "Lamprecht, Mark"]
[Black "Schilling, Florian"]
[Result "0-1"]
[WhiteElo "2190"]
[BlackElo "1936"]
[PlyCount "122"]
[EventDate "2015.??.??"]
[WhiteTeam "SF Lohmar 1974 e.V."]
[BlackTeam "Vereinslos"]

1. c4 b6 2. Nc3 c5 3. e4 Nc6 4. g3 Bb7 5. Bg2 g6 6. Nge2 Bg7 7. O-O e6 8. d3
Nge7 9. Rb1 O-O 10. a3 d5 11. exd5 exd5 12. Nxd5 Nxd5 13. Bxd5 Qd7 14. Bf4 Rad8
15. b4 cxb4 16. axb4 h6 17. d4 b5 18. f3 bxc4 19. Bxc4 Nxd4 20. Nxd4 Bxd4+ 21.
Kg2 g5 22. Bc1 g4 23. Be2 Qf5 24. Bxh6 Be3 25. Bxe3 Rxd1 26. Rbxd1 Re8 27. Kf2
Bxf3 28. Rd4 Bxe2+ 29. Kxe2 Rxe3+ 30. Kxe3 Qxf1 31. Rxg4+ Kh7 32. Rf4 Qg1+ 33.
Kf3 Kg6 34. h4 Qf1+ 35. Ke3 Qe1+ 36. Kf3 f5 37. Kg2 Qe2+ 38. Kg1 Kf6 39. Kh1
Ke5 40. Kg1 a6 41. Kh1 Qe1+ 42. Kg2 Qe3 43. Kh2 Qd2+ 44. Kg1 Qxf4 45. gxf4+
Kxf4 46. Kf2 Kg4 47. Ke3 f4+ 48. Kf2 Kxh4 49. Kf3 Kg5 50. Kf2 Kf5 51. Kf3 Ke5
52. Kf2 Ke4 53. Ke2 f3+ 54. Kf2 Kf4 55. Kf1 Ke3 56. Ke1 Kd3 57. Kf2 Kc4 58.
Kxf3 Kxb4 59. Ke3 Kc3 60. Ke2 Kb3 61. Kd1 Kb2 0-1

[Event "11. Longericher Sommer-Open A"]
[Site "?"]
[Date "2014.08.03"]
[Round "5.6"]
[White "Wolff, Michael"]
[Black "Heinert, Eugen"]
[Result "0-1"]
[WhiteElo "1955"]
[BlackElo "2172"]
[PlyCount "106"]
[EventDate "2015.??.??"]
[WhiteTeam "Ford SF Köln e.V."]
[BlackTeam "OSC Rheinhausen 04 e.V."]

1. e4 e6 2. d4 d5 3. Nc3 Bb4 4. e5 c5 5. Bd2 cxd4 6. Nb5 Bf8 7. Nf3 Nc6 8.
Nbxd4 Nge7 9. Bd3 Nxd4 10. Nxd4 Nc6 11. Nf3 Qc7 12. O-O Nb4 13. Bxb4 Bxb4 14.
c3 Be7 15. Qe2 O-O 16. Nd4 g6 17. Rae1 f6 18. exf6 Rxf6 19. f4 Bd6 20. g3 Bd7
21. Rf3 a6 22. Re3 Bc5 23. Kg2 Qb6 24. Rd1 Bxd4 25. cxd4 Rc8 26. Bb1 Rc4 27.
Rb3 Qc7 28. Qe5 Rf8 29. Qxc7 Rxc7 30. Rc3 Rxc3 31. bxc3 Rc8 32. Rd3 Ba4 33. Re3
Kf7 34. Bd3 Kf6 35. Be2 Bc2 36. Bg4 Rc6 37. Kf2 Rb6 38. Re2 Bd1 39. Rxe6+ Rxe6
40. Bxd1 Rc6 41. Bb3 Ke6 42. Ke3 Rxc3+ 43. Kd2 Rxb3 44. axb3 Kf5 45. Ke3 Kg4
46. Kf2 Kh3 47. Kf3 h5 48. f5 gxf5 49. Kf4 Kxh2 50. Ke5 Kxg3 51. Kxd5 f4 52.
Ke6 f3 53. d5 f2 0-1

[Event "11. Longericher Sommer-Open A"]
[Site "?"]
[Date "2014.08.03"]
[Round "5.7"]
[White "Bieberle, Gerhart"]
[Black "Lenhardt, Manfred"]
[Result "0-1"]
[WhiteElo "1917"]
[BlackElo "2103"]
[PlyCount "63"]
[EventDate "2015.??.??"]
[WhiteTeam "Post-Telekom SV 1925 Aachen e.V."]
[BlackTeam "SC Weisse Dame e.V."]

1. d4 Nf6 2. g3 e6 3. Bg2 d5 4. Nf3 Be7 5. O-O O-O 6. b3 c5 7. c3 Nc6 8. Bb2 a5
9. a4 Qb6 10. Qc2 Bd7 11. Ba3 Rac8 12. dxc5 Bxc5 13. Bxc5 Qxc5 14. Nfd2 e5 15.
Qb2 Bg4 16. Re1 e4 17. e3 Ne5 18. Bf1 h5 19. b4 Qb6 20. Na3 h4 21. Nb5 hxg3 22.
fxg3 Bf3 23. Nd4 Nfg4 24. N2xf3 Nxf3+ 25. Kg2 Nxe1+ 26. Rxe1 Qh6 27. h4 Nxe3+
28. Kh3 f5 29. bxa5 f4 30. Qd2 Qg6 31. Rxe3 fxe3 32. Qxe3 0-1

[Event "11. Longericher Sommer-Open A"]
[Site "?"]
[Date "2014.08.03"]
[Round "5.8"]
[White "Hennig, Edgar"]
[Black "van der Valk, Niklas"]
[Result "0-1"]
[WhiteElo "1882"]
[BlackElo "2087"]
[PlyCount "56"]
[EventDate "2015.??.??"]
[WhiteTeam "Satranç Club 2000 e.V."]
[BlackTeam "Godesberger SK 1929 e.V."]

1. e4 e5 2. Nf3 Nc6 3. Nc3 Nf6 4. Bb5 Bc5 5. O-O d6 6. d3 h6 7. Na4 Bb6 8. h3
O-O 9. c3 Bd7 10. Re1 Ne7 11. Nxb6 axb6 12. Bxd7 Qxd7 13. Be3 Ng6 14. Qd2 d5
15. exd5 Qxd5 16. a3 Rad8 17. Red1 Nh7 18. Qc2 f5 19. d4 e4 20. c4 Qf7 21. Ne5
Nxe5 22. dxe5 f4 23. Bd4 Qf5 24. Kh2 f3 25. Be3 Qxe5+ 26. g3 Ng5 27. Rxd8 Rxd8
28. Re1 Nxh3 0-1

[Event "11. Longericher Sommer-Open A"]
[Site "?"]
[Date "2014.08.03"]
[Round "5.9"]
[White "Lindam, Ingo"]
[Black "Gnass, Arno"]
[Result "1-0"]
[WhiteElo "2076"]
[BlackElo "1761"]
[PlyCount "75"]
[EventDate "2015.??.??"]
[WhiteTeam "Kölner SK Dr. Lasker 186"]
[BlackTeam "Turnerschaft Bergisch Gladbach 1"]

1. d4 Nf6 2. Bg5 e6 3. Nd2 Be7 4. e4 d5 5. Bxf6 Bxf6 6. e5 Be7 7. Qg4 O-O 8.
Bd3 f5 9. Qe2 c5 10. dxc5 Bxc5 11. Ngf3 Nc6 12. c3 Bd7 13. Rd1 Be8 14. h3 d4
15. Nb3 Bb6 16. Bc4 Bf7 17. Nbxd4 Nxd4 18. Nxd4 Qe7 19. O-O Rfd8 20. Rd2 Rac8
21. Rfd1 Kh8 22. Nb5 Rxd2 23. Rxd2 Bg8 24. Nd6 Rf8 25. Qf3 Qg5 26. Rd1 f4 27.
Re1 Qg3 28. Be2 a5 29. Ne4 Qxf3 30. Bxf3 Ba7 31. Nd6 b6 32. Re4 h6 33. Rc4 Bb8
34. a4 Bh7 35. Bd1 Bxd6 36. exd6 e5 37. d7 Bf5 38. Bg4 1-0

[Event "11. Longericher Sommer-Open A"]
[Site "?"]
[Date "2014.08.03"]
[Round "5.10"]
[White "Rummelshaus, Heinz"]
[Black "Arold, Gerhard"]
[Result "1-0"]
[WhiteElo "1845"]
[BlackElo "2026"]
[PlyCount "69"]
[EventDate "2015.??.??"]
[WhiteTeam "Düsseldorfer SV 1854"]
[BlackTeam "Elberfelder SG"]

1. f4 d5 2. Nf3 Bf5 3. g3 e6 4. Bg2 h6 5. O-O Nd7 6. d3 c6 7. e3 Qc7 8. Qe2 Bc5
9. Kh1 O-O-O 10. a4 f6 11. d4 Be7 12. a5 g5 13. Bd2 Bxc2 14. b4 Nb8 15. b5 Bb3
16. Rc1 Bc4 17. Rxc4 dxc4 18. Qxc4 Kd7 19. Ra4 Bd6 20. e4 g4 21. Nh4 Rh7 22. f5
Re8 23. fxe6+ Rxe6 24. Nf5 Re8 25. Nc3 Ne7 26. Nxd6 Qxd6 27. Bf4 Qe6 28. Qc5
Rc8 29. Bf1 Ke8 30. Bc4 Qd7 31. Qh5+ Kd8 32. Be2 f5 33. exf5 cxb5 34. Bxb5 Qxf5
35. Qe8# 1-0